01709nam a2200373 i 4500001000700000003000900007005001700016007000300033008004100036020001800077020001800095035001900113040002400132245015700156250001100313260016200324300002100486336002200507337003000529338002400559490003200583500006500615650006000680651007800740700003100818700004500849710012000894710003301014830003501047852008201082942001801164999001901182952013401201195657ES-MaACL20250708191800.0ta240701s2015 mx r 000 0 spa d a9786070272110 a9786070267123 aRebiun27841478 aBUAHbspacES-MaACL00aPolítica y sociedad en el exilio republicano español / cMari Carmen Serra Puche, José Francisco Mejía Flores, Carlos Sola Ayape (coordinadores) a1 êd aMéxico, D.F. : bUniversidad Nacional Autónoma de México, Centro de Investigaciones sobre América Latina y el Caribe, : bCátedra del Exilio,c2015 a293 p. ; c23 cm 2rdacontentatexto 2rdamediaasin mediación 2rdacarrieravolumen1 aExilio Iberoamericano ; v2 aCatalogación provisional. Signatura: N 8699. Depósito J. 0aExiliados españoles-zAmérica Latina-yS.XX9237300 4aEspaña-xHistoria-y1936-1939, Guerra civil-xOpinión pública98317 aSantana, Adalberto9237302 aVelázquez Hernández, Aurelio9237303 aUniversidad Nacional Autónoma de México. bCentro de Investigaciones sobre América Latina y el Caribe9237304 aCátedra del Exilio9237305 aExilio Iberoamericano 9237306 aES-MaACLbR.152817cDEPOJjN-8699hDonación: Editorial 9203856zEn proceso n0cMONOGRAFIA c195657d195657 00102udc4070aATENEOMbATENEOMcDEPOJd2024-07-01eDONACIONl0oN-8699p101228711r2024-07-01 00:00:00w2024-07-01yMONOGRAFIA